000 00485nam a2200169Ia 4500
003 GCL
008 140319s9999 xx 000 0 ara d
040 _aGCL /
_cGCL
082 0 4 _a891.7
_bت ا
100 1 _aتشيخوف، انطون
245 1 0 _aالاخوات الثلاثة /
_cتشيخوف، انطون
300 _a162 ص
490 _a
650 0 4 _aالادب الروسى المترجم
650 0 4 _aالمسرحيات الروسية المترجمة
942 _2ddc
_cBK
999 _c46817
_d46817